| 000 | 00000nas 2200000za 4500 |
| 001 | 9.833045 |
| 003 | CaOODSP |
| 005 | 20221107150130 |
| 007 | cr ||||||||||| |
| 008 | 170224d19281929oncar p oss f0###a0eng|d |
| 040 | |aCaOODSP|beng |
| 043 | |an-cn--- |
| 086 | 1 |aCS43-D-24E-PDF |
| 245 | 00|aRadio statistics for Canada |h[electronic resource]. |
| 260 | |a[Ottawa] : |bDominion Bureau of Statistics, Mining, Metallurgical and Chemical Branch, |c[1929?-1930?] |
| 310 | |aAnnual |
| 362 | 0 |a1928-1929. |
| 490 | 0 |aAnnual bulletin |
| 500 | |aDigitized edition from print [produced by Statistics Canada]. |
| 500 | |aTitle from caption. |
| 520 | |aAnnual statistics on the radio industry in Canada, including production of radios and parts, manufacturing value and number of radio licenses awarded. |
| 692 | 07|2gccst|aRadio |
| 692 | 07|2gccst|aStatistics |
| 710 | 1 |aCanada. |bDominion Bureau of Statistics. |bMining, Metallurgical and Chemical Branch. |
| 780 | 00|tCanada produced ... worth of radio apparatus in ... |w(CaOODSP)9.833043 |
| 785 | 00|tThe radio industry in Canada |w(CaOODSP)9.833046 |